[Event "World Senior Team ch 1st"]
[Site "Port Erin IOM"]
[Date "2004.10.10"]
[Round "6.2"]
[White "Nicolson, Jim"]
[Black "Viner, Phillip"]
[Result "1/2-1/2"]
[WhiteElo "1648"]
[BlackElo "2151"]
[PlyCount "69"]
[EventDate "2004.10.05"]
[EventType "team-swiss"]
[EventRounds "8"]
[EventCountry "ENG"]
[SourceDate "2014.04.29"]
[WhiteTeam "Chessmann"]
[BlackTeam "Australia"]
[WhiteTeamCountry "IOM"]
[BlackTeamCountry "AUS"]

1. c4 Nf6 2. g3 c6 3. Nf3 d5 4. b3 Bg4 5. Bg2 Nbd7 6. Bb2 e6 7. O-O a5 8. d3
Be7 9. Nbd2 O-O 10. Rc1 Bh5 11. Rc2 a4 12. Bc3 Qb8 13. b4 e5 14. a3 Rd8 15. Qa1
Bd6 16. e4 d4 17. Bb2 c5 18. b5 Nf8 19. Qe1 Ne6 20. Nh4 Nd7 21. Bf3 Bxf3 22.
Ndxf3 g6 23. Bc1 Be7 24. Bh6 Re8 25. Qc1 Qd8 26. Bd2 Bf6 27. Ng2 Kh8 28. h4 Qe7
29. Ng5 Rf8 30. Nxe6 fxe6 31. Bg5 Rf7 32. f4 exf4 33. Qxf4 Raf8 34. Rcf2 e5 35.
Bxf6+ 1/2-1/2

[Event "World Senior Team ch 1st"]
[Site "Port Erin IOM"]
[Date "2004.10.10"]
[Round "6.3"]
[White "Kraidman, Yair"]
[Black "Edwards, Raymond B"]
[Result "1-0"]
[WhiteElo "2307"]
[BlackElo "2119"]
[PlyCount "57"]
[EventDate "2004.10.05"]
[EventType "team-swiss"]
[EventRounds "8"]
[EventCountry "ENG"]
[SourceDate "2014.04.29"]
[WhiteTeam "Israel"]
[BlackTeam "England II"]
[WhiteTeamCountry "ISR"]
[BlackTeamCountry "ENG"]

1. d4 d5 2. Nf3 Nf6 3. c4 e6 4. Nc3 Be7 5. Bg5 h6 6. Bh4 O-O 7. e3 Ne4 8. Bxe7
Qxe7 9. Qc2 Nd7 10. cxd5 Nxc3 11. Qxc3 Nf6 12. dxe6 Bxe6 13. Bc4 Nd5 14. Qb3 c6
15. O-O b5 16. Bxd5 Bxd5 17. Qc2 Rad8 18. Ne5 Qe6 19. e4 Bxa2 20. Nxc6 Qc4 21.
Qxc4 Bxc4 22. Nxd8 Bxf1 23. Nc6 Bd3 24. f3 Ra8 25. Rxa7 Rxa7 26. Nxa7 Kf8 27.
Kf2 Ke8 28. Ke3 Bf1 29. g3 1-0

[Event "World Senior Team ch 1st"]
[Site "Port Erin IOM"]
[Date "2004.10.10"]
[Round "6.3"]
[White "Krstic, Slobodan AUS"]
[Black "Milner, Edward"]
[Result "1-0"]
[WhiteElo "2049"]
[BlackElo "1416"]
[PlyCount "45"]
[EventDate "2004.10.05"]
[EventType "team-swiss"]
[EventRounds "8"]
[EventCountry "ENG"]
[SourceDate "2014.04.29"]
[WhiteTeam "Australia"]
[BlackTeam "Chessmann"]
[WhiteTeamCountry "AUS"]
[BlackTeamCountry "IOM"]

1. e4 e6 2. Nf3 d5 3. e5 Bc5 4. d4 Bb6 5. Bd3 c5 6. c3 c4 7. Bc2 h6 8. h4 Nd7
9. h5 Ne7 10. Rh3 O-O 11. Bxh6 f6 12. Rg3 Rf7 13. exf6 Rxf6 14. Bxg7 Rxf3 15.
Qxf3 Nf5 16. Bxf5 Qe8 17. Be5+ Kf8 18. Bd6+ Kf7 19. Bg6+ Kg7 20. Bxe8+ Kh8 21.
Be5+ Nxe5 22. Qf6+ Kh7 23. Qg7# 1-0

[Event "World Senior Team ch 1st"]
[Site "Port Erin IOM"]
[Date "2004.10.10"]
[Round "6.3"]
[White "Mehra, Suman"]
[Black "Smith, Ivor BN"]
[Result "0-1"]
[WhiteElo "1000"]
[BlackElo "1928"]
[PlyCount "66"]
[EventDate "2004.10.05"]
[EventType "team-swiss"]
[EventRounds "8"]
[EventCountry "ENG"]
[SourceDate "2014.04.29"]
[WhiteTeam "Black and White Magazine"]
[BlackTeam "Essex"]
[WhiteTeamCountry "IND"]
[BlackTeamCountry "ENG"]

1. e4 c5 2. Nc3 Nc6 3. Be2 g6 4. b3 Bg7 5. Bb2 d6 6. Nf3 e6 7. Bd3 Nf6 8. O-O
O-O 9. Ng5 d5 10. Rb1 a6 11. Na4 Nd7 12. Qg4 Nce5 13. Bxe5 Nxe5 14. Qh4 h6 15.
Nxc5 Qxg5 16. Qxg5 hxg5 17. exd5 exd5 18. Na4 Nxd3 19. cxd3 Bf5 20. Nc5 b6 21.
Na4 Bxd3 22. Nxb6 Ra7 23. Nxd5 Bxb1 24. Rxb1 Rd8 25. Nb6 Rxd2 26. b4 Bd4 27. g3
Rxf2 28. Nc4 Rb2+ 29. Kf1 Rxb1+ 30. Ke2 Re7+ 31. Kf3 f5 32. Nd2 g4+ 33. Kg2
Re2# 0-1

[Event "World Senior Team ch 1st"]
[Site "Port Erin IOM"]
[Date "2004.10.10"]
[Round "6.3"]
[White "Rety, John"]
[Black "Fereday, Andrew"]
[Result "1-0"]
[WhiteElo "2001"]
[BlackElo "1693"]
[PlyCount "85"]
[EventDate "2004.10.05"]
[EventType "team-swiss"]
[EventRounds "8"]
[EventCountry "ENG"]
[SourceDate "2014.04.29"]
[WhiteTeam "Britain 3"]
[BlackTeam "South Africa"]
[WhiteTeamCountry "GBR"]
[BlackTeamCountry "RSA"]

1. c4 c5 2. Nf3 Nf6 3. g3 g6 4. Bg2 Bg7 5. b3 d5 6. Bb2 d4 7. O-O Nc6 8. a3 a5
9. d3 O-O 10. Nbd2 Bf5 11. Nh4 Bd7 12. Ne4 Nxe4 13. Bxe4 Qc7 14. f4 f5 15. Bf3
Rae8 16. Qc2 e5 17. Bd5+ Be6 18. Ng2 Bxd5 19. cxd5 Ne7 20. Qc4 Qd6 21. e4 Kh8
22. Qb5 b6 23. Rae1 Rb8 24. Bc1 fxe4 25. dxe4 Nxd5 26. exd5 Qxd5 27. fxe5 Rxf1+
28. Rxf1 Bxe5 29. Bf4 Bxf4 30. Nxf4 Qe4 31. Qd3 Qxd3 32. Nxd3 a4 33. b4 c4 34.
Ne5 b5 35. Rd1 Re8 36. Nf7+ Kg7 37. Nd6 Re3 38. Nxb5 d3 39. Rd2 Re1+ 40. Kf2
Rc1 41. Ke3 Re1+ 42. Kd4 Re2 43. Kc3 1-0

[Event "World Senior Team ch 1st"]
[Site "Port Erin IOM"]
[Date "2004.10.10"]
[Round "6.4"]
[White "Corish, Aidan"]
[Black "David, Vidya"]
[Result "1-0"]
[WhiteElo "1864"]
[BlackElo "800"]
[PlyCount "35"]
[EventDate "2004.10.05"]
[EventType "team-swiss"]
[EventRounds "8"]
[EventCountry "ENG"]
[SourceDate "2014.04.29"]
[WhiteTeam "Essex"]
[BlackTeam "Black and White Magazine"]
[WhiteTeamCountry "ENG"]
[BlackTeamCountry "IND"]

1. d4 c6 2. c4 d6 3. Nc3 Bf5 4. e4 Be6 5. Nf3 g6 6. Be2 Bg7 7. O-O Nf6 8. h3
O-O 9. Be3 h6 10. Qd2 Qa5 11. Bxh6 Qb4 12. Bxg7 Kxg7 13. a3 Qxb2 14. Qxb2 Nxe4
15. Nxe4 d5 16. Nc5 Bf5 17. Qxb7 Nd7 18. Nxd7 1-0

[Event "World Senior Team ch 1st"]
[Site "Port Erin IOM"]
[Date "2004.10.10"]
[Round "6.4"]
[White "Goldstein, Anthony"]
[Black "Smith, David"]
[Result "0-1"]
[WhiteElo "1500"]
[BlackElo "1728"]
[PlyCount "80"]
[EventDate "2004.10.05"]
[EventType "team-swiss"]
[EventRounds "8"]
[EventCountry "ENG"]
[SourceDate "2014.04.29"]
[WhiteTeam "South Africa"]
[BlackTeam "Britain 3"]
[WhiteTeamCountry "RSA"]
[BlackTeamCountry "GBR"]

1. e4 Nf6 2. e5 Nd5 3. c4 Nb6 4. d4 d6 5. f4 dxe5 6. fxe5 Nc6 7. Be3 Bf5 8. Nf3
e6 9. a3 Be7 10. Be2 O-O 11. O-O Qd7 12. Nc3 Rad8 13. Rc1 Bg4 14. d5 Bxf3 15.
dxc6 Bxc6 16. Qc2 f5 17. b4 a6 18. Bxb6 cxb6 19. Rcd1 Qc7 20. Rfe1 Rxd1 21.
Bxd1 Rd8 22. Qf2 Qd7 23. Bf3 Bxf3 24. Qxf3 Qd4+ 25. Qe3 Qxe3+ 26. Rxe3 a5 27.
Kf1 axb4 28. axb4 Bxb4 29. Ke2 Kf7 30. Rd3 Rxd3 31. Kxd3 Bxc3 32. Kxc3 Ke7 33.
Kb4 Kd7 34. c5 bxc5+ 35. Kxc5 Kc7 36. g3 g5 37. h3 b6+ 38. Kb5 f4 39. gxf4 gxf4
40. Kc4 b5+ 0-1

[Event "World Senior Team ch 1st"]
[Site "Port Erin IOM"]
[Date "2004.10.10"]
[Round "6.4"]
[White "Hooper, Dennis"]
[Black "Benson, Lachlan"]
[Result "0-1"]
[WhiteElo "1184"]
[BlackElo "1955"]
[PlyCount "82"]
[EventDate "2004.10.05"]
[EventType "team-swiss"]
[EventRounds "8"]
[EventCountry "ENG"]
[SourceDate "2014.04.29"]
[WhiteTeam "Chessmann"]
[BlackTeam "Australia"]
[WhiteTeamCountry "IOM"]
[BlackTeamCountry "AUS"]

1. e4 c5 2. Nf3 d6 3. Bc4 a6 4. a3 e6 5. O-O Nc6 6. Nc3 Nf6 7. Re1 b5 8. Ba2
Be7 9. d3 O-O 10. Ne2 Bb7 11. Nf4 d5 12. e5 Nd7 13. c3 Qb6 14. Nh3 Rfe8 15. d4
Rac8 16. Bb1 Nf8 17. Bf4 cxd4 18. Nxd4 Bc5 19. Qd2 Nxd4 20. cxd4 Bxd4 21. Bd3
Bc5 22. Bg3 Rc6 23. Qf4 h6 24. Qh4 Be7 25. Qg4 g6 26. Nf4 Bg5 27. h4 Bxf4 28.
Bxf4 Kg7 29. Re3 Qd8 30. Rg3 f5 31. Qh5 Rc7 32. Qxh6+ Kg8 33. Be3 Rh7 34. Qf4
Qxh4 35. Rh3 Qxf4 36. Bxf4 Rxh3 37. gxh3 Rc8 38. Bg5 Nd7 39. Kh2 Nxe5 40. Be2
Rc2 41. Bf1 Nf3+ 0-1

[Event "World Senior Team ch 1st"]
[Site "Port Erin IOM"]
[Date "2004.10.10"]
[Round "6.4"]
[White "Malich, Burkhard"]
[Black "Wheeler, John"]
[Result "1-0"]
[WhiteElo "2360"]
[BlackElo "2209"]
[PlyCount "53"]
[EventDate "2004.10.05"]
[EventType "team-swiss"]
[EventRounds "8"]
[EventCountry "ENG"]
[SourceDate "2014.04.29"]
[WhiteTeam "Germany"]
[BlackTeam "England"]
[WhiteTeamCountry "GER"]
[BlackTeamCountry "ENG"]

1. d4 d5 2. Nf3 Nf6 3. c4 c6 4. e3 e6 5. Bd3 Nbd7 6. O-O Bd6 7. Nbd2 O-O 8. e4
dxe4 9. Nxe4 Nxe4 10. Bxe4 f5 11. Bc2 e5 12. c5 Be7 13. dxe5 Nxc5 14. Qe2 Ne6
15. Rd1 Qe8 16. Be3 Kh8 17. Bb3 Qh5 18. Rac1 f4 19. Bd2 Ng5 20. e6 Rf6 21. Re1
Nxe6 22. Bc3 Rh6 23. Qe5 Qxe5 24. Nxe5 Rh5 25. Nd3 Rh6 26. Re4 Bd6 27. Rce1 1-0

[Event "World Senior Team ch 1st"]
[Site "Port Erin IOM"]
[Date "2004.10.10"]
[Round "6.4"]
[White "Williams, Chris"]
[Black "Stepak, Yedael"]
[Result "1/2-1/2"]
[WhiteElo "1968"]
[BlackElo "2302"]
[PlyCount "83"]
[EventDate "2004.10.05"]
[EventType "team-swiss"]
[EventRounds "8"]
[EventCountry "ENG"]
[SourceDate "2014.04.29"]
[WhiteTeam "England II"]
[BlackTeam "Israel"]
[WhiteTeamCountry "ENG"]
[BlackTeamCountry "ISR"]

1. d4 Nf6 2. c4 g6 3. Nc3 Bg7 4. e4 d6 5. Be2 O-O 6. Nf3 Na6 7. O-O e5 8. Be3
h6 9. dxe5 dxe5 10. Qxd8 Rxd8 11. Rfd1 Re8 12. h3 c6 13. a3 Nh5 14. Bf1 Nf4 15.
Kh2 g5 16. g3 Ng6 17. c5 Nc7 18. Nd2 Ne6 19. Nc4 Nd4 20. Nd6 Re7 21. Bc4 Be6
22. Bxe6 fxe6 23. b4 Nh8 24. Kg2 Rd7 25. Ra2 Rad8 26. Rad2 b5 27. Ne2 Nxe2 28.
Rxe2 Bf8 29. Red2 Ra8 30. Nc4 Rxd2 31. Nxd2 Rd8 32. Ra1 Rd7 33. a4 a6 34. axb5
axb5 35. Ra6 Rc7 36. Kf3 Kf7 37. Nb3 Ng6 38. Na5 Ne7 39. Kg4 Kg6 40. h4 gxh4
41. gxh4 h5+ 42. Kg3 1/2-1/2

[Event "World Senior Team ch 1st"]
[Site "Port Erin IOM"]
[Date "2004.10.11"]
[Round "7.1"]
[White "Littlewood, John E"]
[Black "Reuben, Stewart"]
[Result "1-0"]
[WhiteElo "2308"]
[BlackElo "2150"]
[PlyCount "125"]
[EventDate "2004.10.05"]
[EventType "team-swiss"]
[EventRounds "8"]
[EventCountry "ENG"]
[SourceDate "2014.04.29"]
[WhiteTeam "England"]
[BlackTeam "Black and White Magazine"]
[WhiteTeamCountry "ENG"]
[BlackTeamCountry "IND"]

1. e4 c5 2. Nf3 Nc6 3. d3 g6 4. g3 Bg7 5. Bg2 d6 6. O-O e6 7. c3 Nge7 8. a3 Rb8
9. b4 O-O 10. bxc5 dxc5 11. Be3 b6 12. d4 cxd4 13. cxd4 Ba6 14. Re1 Rb7 15. Qa4
Bd3 16. Nbd2 Rd7 17. e5 Na5 18. Rac1 b5 19. Qd1 Rc7 20. Bg5 h6 21. Rxc7 Qxc7
22. Bxe7 Qxe7 23. Nb3 Nxb3 24. Qxd3 Na5 25. Qxb5 Qxa3 26. Qa6 Qc3 27. Qxa7 Nc6
28. Qa1 Qxa1 29. Rxa1 Rd8 30. Ra4 Bf8 31. Rc4 Ne7 32. Ne1 Rc8 33. Ra4 Rc1 34.
Kf1 h5 35. h4 Nf5 36. Be4 Bh6 37. Ke2 Rc7 38. Nf3 Ne7 39. Ra8+ Rc8 40. Ra7 Nc6
41. Rd7 Kf8 42. d5 exd5 43. Bxd5 Ne7 44. Bb3 Rb8 45. Nd4 Rb6 46. f4 Ke8 47. Ra7
Kf8 48. Kd3 Rb8 49. Bc4 Rd8 50. Ke4 Rc8 51. Ba2 Rc3 52. Ne2 Rc2 53. Kd3 Rc8 54.
Nc3 Bg7 55. Ne4 Rd8+ 56. Ke2 Bh8 57. Ng5 Rc8 58. Bxf7 Rc2+ 59. Kd3 Rg2 60. Ba2
Rxg3+ 61. Ke4 Rc3 62. Be6 Rc2 63. Nh7+ 1-0

[Event "World Senior Team ch 1st"]
[Site "Port Erin IOM"]
[Date "2004.10.11"]
[Round "7.1"]
[White "Price, Eddie"]
[Black "Vucenovic, Dragomir"]
[Result "0-1"]
[WhiteElo "1880"]
[BlackElo "2302"]
[PlyCount "46"]
[EventDate "2004.10.05"]
[EventType "team-swiss"]
[EventRounds "8"]
[EventCountry "ENG"]
[SourceDate "2014.04.29"]
[WhiteTeam "South Africa"]
[BlackTeam "Switzerland"]
[WhiteTeamCountry "RSA"]
[BlackTeamCountry "SUI"]

1. e4 e5 2. Nf3 Nc6 3. c3 d5 4. Bb5 dxe4 5. Nxe5 Qd5 6. Bxc6+ bxc6 7. d4 exd3
8. O-O Be6 9. Qa4 Qb5 10. Qxb5 cxb5 11. Nxd3 O-O-O 12. Nf4 Bf5 13. Be3 Nf6 14.
f3 Bd6 15. a4 Rhe8 16. Bxa7 Bxf4 17. axb5 Kb7 18. Bd4 Be3+ 19. Bxe3 Rxe3 20.
Na3 Re2 21. Nc4 Be6 22. Na5+ Kb6 23. Nc6 Rdd2 0-1

[Event "World Senior Team ch 1st"]
[Site "Port Erin IOM"]
[Date "2004.10.11"]
[Round "7.1"]
[White "Uhlmann, Wolfgang"]
[Black "Howson, Jim"]
[Result "1-0"]
[WhiteElo "2406"]
[BlackElo "2000"]
[PlyCount "71"]
[EventDate "2004.10.05"]
[EventType "team-swiss"]
[EventRounds "8"]
[EventCountry "ENG"]
[SourceDate "2014.04.29"]
[WhiteTeam "Germany"]
[BlackTeam "Essex"]
[WhiteTeamCountry "GER"]
[BlackTeamCountry "ENG"]

1. c4 f5 2. Nf3 Nf6 3. d4 e6 4. g3 d5 5. Bg2 c6 6. O-O Be7 7. b3 O-O 8. Ba3 Ne4
9. Qc2 Bd7 10. Ne5 Be8 11. f3 Nd6 12. c5 Nf7 13. Nd3 Bf6 14. Bb2 g5 15. Nd2 Nh8
16. b4 a6 17. Kh1 Bg6 18. Rae1 Nf7 19. a4 Nd7 20. e4 Re8 21. exd5 exd5 22. f4
g4 23. Ne5 Bg7 24. b5 axb5 25. axb5 Bxe5 26. dxe5 Nf8 27. bxc6 bxc6 28. e6 Nxe6
29. Qc3 d4 30. Qc4 Qd7 31. Nb3 Rab8 32. Ba1 Rb5 33. Rxe6 Qxe6 34. Qxe6 Rxe6 35.
Nxd4 Nd8 36. Nxb5 1-0

[Event "World Senior Team ch 1st"]
[Site "Port Erin IOM"]
[Date "2004.10.11"]
[Round "7.1"]
[White "Zaric, Srboljub"]
[Black "Murey, Jacob"]
[Result "0-1"]
[WhiteElo "2230"]
[BlackElo "2450"]
[PlyCount "76"]
[EventDate "2004.10.05"]
[EventType "team-swiss"]
[EventRounds "8"]
[EventCountry "ENG"]
[SourceDate "2014.04.29"]
[WhiteTeam "Australia"]
[BlackTeam "Israel"]
[WhiteTeamCountry "AUS"]
[BlackTeamCountry "ISR"]

1. e4 c5 2. Nf3 Nf6 3. e5 Nd5 4. Nc3 Nxc3 5. dxc3 Nc6 6. g3 d6 7. Bf4 h6 8.
exd6 exd6 9. Bg2 Qe7+ 10. Be3 Be6 11. O-O O-O-O 12. Re1 Qd7 13. b4 g5 14. bxc5
dxc5 15. Qe2 Be7 16. Qb5 Nb8 17. Qb2 Qc7 18. Rab1 Nc6 19. Ne5 Na5 20. Qb5 Bd6
21. Bxb7+ Nxb7 22. Nc6 Rd7 23. Red1 Qb6 24. Qa4 Bb8 25. Ne7+ Rxe7 26. Rxb6 axb6
27. Qa6 Bd7 28. Qxb6 Re6 29. Qb2 Bc6 30. a4 Rhe8 31. g4 Re4 32. h3 h5 33. Kf1
hxg4 34. hxg4 Rxg4 35. a5 Bf3 36. a6 Rh4 37. axb7+ Kc7 38. Rd7+ Kc6 0-1

[Event "World Senior Team ch 1st"]
[Site "Port Erin IOM"]
[Date "2004.10.11"]
[Round "7.2"]
[White "Bhend, Edwin"]
[Black "Hangelbroek, Pieter"]
[Result "1-0"]
[WhiteElo "2246"]
[BlackElo "1803"]
[PlyCount "65"]
[EventDate "2004.10.05"]
[EventType "team-swiss"]
[EventRounds "8"]
[EventCountry "ENG"]
[SourceDate "2014.04.29"]
[WhiteTeam "Switzerland"]
[BlackTeam "South Africa"]
[WhiteTeamCountry "SUI"]
[BlackTeamCountry "RSA"]

1. e4 Nf6 2. e5 Nd5 3. d4 d6 4. c4 Nb6 5. f4 dxe5 6. fxe5 e6 7. Nc3 c5 8. d5
exd5 9. cxd5 Qh4+ 10. g3 Qd4 11. Bf4 g5 12. Bxg5 Qxe5+ 13. Qe2 Bg7 14. Qxe5+
Bxe5 15. O-O-O O-O 16. Nf3 Bg7 17. Bg2 Bd7 18. Nd2 Na6 19. Nde4 Nc4 20. b3 f5
21. bxc4 fxe4 22. Nxe4 Nb4 23. a3 Na6 24. Rhf1 Ba4 25. Rxf8+ Rxf8 26. Rf1 Rxf1+
27. Bxf1 Kf8 28. Bf4 b6 29. Bh3 Ke8 30. Bc8 b5 31. Bxa6 b4 32. axb4 cxb4 33.
Nc5 1-0

[Event "World Senior Team ch 1st"]
[Site "Port Erin IOM"]
[Date "2004.10.11"]
[Round "7.2"]
[White "Ellison, D George"]
[Black "Hecht, Hans-Joachim"]
[Result "0-1"]
[WhiteElo "2097"]
[BlackElo "2389"]
[PlyCount "102"]
[EventDate "2004.10.05"]
[EventType "team-swiss"]
[EventRounds "8"]
[EventCountry "ENG"]
[SourceDate "2014.04.29"]
[WhiteTeam "Essex"]
[BlackTeam "Germany"]
[WhiteTeamCountry "ENG"]
[BlackTeamCountry "GER"]

1. e4 e6 2. d4 d5 3. e5 c5 4. c3 Nc6 5. Nf3 Bd7 6. a3 Nge7 7. b4 cxd4 8. cxd4
Nf5 9. Nc3 Rc8 10. Bb2 Nh4 11. Nxh4 Qxh4 12. Na2 Qe4+ 13. Qe2 Qg6 14. Rc1 Be7
15. f4 O-O 16. Qf3 a5 17. Bd3 f5 18. b5 Na7 19. a4 Rxc1+ 20. Nxc1 Nc8 21. O-O
Nb6 22. Bc3 Nxa4 23. Bxa5 b6 24. Bd2 Qe8 25. Ne2 Bxb5 26. Rb1 Bd7 27. Nc3 Nxc3
28. Bxc3 Qc8 29. Bd2 Qc7 30. Qd1 Ra8 31. Ra1 Rxa1 32. Qxa1 b5 33. h3 Qb7 34.
Qb2 b4 35. Kh2 Bb5 36. Bc2 Bc4 37. Be3 Qa6 38. Bb1 Qa3 39. Bc1 Qxb2 40. Bxb2 b3
41. g4 g6 42. gxf5 gxf5 43. Kg2 Kf7 44. Kf2 Ke8 45. Bc1 Kd7 46. Bd2 Kc6 47. Bc3
Kb5 48. Bb2 Bb4 49. h4 h5 50. Bc1 Bc3 51. Be3 Kb4 0-1

[Event "World Senior Team ch 1st"]
[Site "Port Erin IOM"]
[Date "2004.10.11"]
[Round "7.2"]
[White "Farrand, Julian"]
[Black "Nicolson, Jim"]
[Result "1-0"]
[WhiteElo "2205"]
[BlackElo "1648"]
[PlyCount "41"]
[EventDate "2004.10.05"]
[EventType "team-swiss"]
[EventRounds "8"]
[EventCountry "ENG"]
[SourceDate "2014.04.29"]
[WhiteTeam "England II"]
[BlackTeam "Chessmann"]
[WhiteTeamCountry "ENG"]
[BlackTeamCountry "IOM"]

1. d4 Nf6 2. Nc3 d5 3. Bg5 c6 4. e3 Nbd7 5. Bd3 g6 6. f4 Bg7 7. Nf3 Nf8 8. O-O
Bf5 9. Ne5 Ne4 10. Nxe4 dxe4 11. Bc4 Be6 12. f5 Bxc4 13. Nxc4 f6 14. Bh4 Qd5
15. Nd2 O-O-O 16. Qg4 e6 17. fxe6 f5 18. e7 fxg4 19. exd8=Q+ Qxd8 20. Bxd8 Kxd8
21. Rf7 1-0

[Event "World Senior Team ch 1st"]
[Site "Port Erin IOM"]
[Date "2004.10.11"]
[Round "7.2"]
[White "Sotter, Gerlinde"]
[Black "James, Geoffrey H"]
[Result "0-1"]
[WhiteElo "1600"]
[BlackElo "2224"]
[PlyCount "96"]
[EventDate "2004.10.05"]
[EventType "team-swiss"]
[EventRounds "8"]
[EventCountry "ENG"]
[SourceDate "2014.04.29"]
[WhiteTeam "Black and White Magazine"]
[BlackTeam "England"]
[WhiteTeamCountry "IND"]
[BlackTeamCountry "ENG"]

1. e4 e5 2. Nc3 Nf6 3. d3 Bc5 4. Nf3 d6 5. h3 c6 6. Be2 O-O 7. O-O h6 8. d4
exd4 9. Nxd4 Qe7 10. Bf3 Qe5 11. Nde2 Nbd7 12. Bf4 Qe7 13. Ng3 Ne5 14. Be2 Ng6
15. Bd2 b5 16. Bd3 Qe5 17. Kh1 Nf4 18. Qf3 Nxd3 19. Qxd3 Re8 20. f4 Qd4 21.
Rab1 b4 22. Nce2 Qxd3 23. cxd3 Ba6 24. Nc1 h5 25. Rf3 g6 26. Nb3 Rad8 27. d4
Bb6 28. Bxb4 Nxe4 29. Nxe4 Rxe4 30. Rc1 Bb5 31. Bc3 Rde8 32. Rf2 Bc4 33. Nd2
Re1+ 34. Rxe1 Rxe1+ 35. Kh2 Bxa2 36. Nf3 Re7 37. Rd2 Bd5 38. Kg3 a5 39. Kf2 Re4
40. g3 Bc4 41. Kg2 f6 42. h4 Kf7 43. Kf2 Bd5 44. Kg2 Re3 45. Rf2 Ke6 46. Bd2
Rxf3 47. Rxf3 Bxf3+ 48. Kxf3 Bxd4 0-1

[Event "World Senior Team ch 1st"]
[Site "Port Erin IOM"]
[Date "2004.10.11"]
[Round "7.2"]
[White "Tseitlin, Mark"]
[Black "Viner, Phillip"]
[Result "1-0"]
[WhiteElo "2406"]
[BlackElo "2151"]
[PlyCount "71"]
[EventDate "2004.10.05"]
[EventType "team-swiss"]
[EventRounds "8"]
[EventCountry "ENG"]
[SourceDate "2014.04.29"]
[WhiteTeam "Israel"]
[BlackTeam "Australia"]
[WhiteTeamCountry "ISR"]
[BlackTeamCountry "AUS"]

1. e4 e6 2. d4 d5 3. Nd2 dxe4 4. Nxe4 Bd7 5. Nf3 Bc6 6. Bd3 Nd7 7. Qe2 Ngf6 8.
Neg5 h6 9. Nxe6 Bb4+ 10. c3 fxe6 11. Bg6+ Ke7 12. cxb4 Bxf3 13. Qxf3 Nf8 14.
Bc2 c6 15. O-O Qd7 16. Bf4 Re8 17. Be5 Rg8 18. a4 Qd5 19. Qc3 Qd7 20. Qc5+ Kf7
21. Qxa7 Ng6 22. Qc5 Ne7 23. a5 Ra8 24. Ra3 Qc8 25. Bxf6 gxf6 26. Qh5+ Kf8 27.
Qxh6+ Kf7 28. Qh5+ Kf8 29. g3 f5 30. Bb3 Nd5 31. Qh6+ Ke7 32. Bxd5 Rxg3+ 33.
hxg3 cxd5 34. Rc1 Qd8 35. Qg7+ Kd6 36. Qxb7 1-0

[Event "World Senior Team ch 1st"]
[Site "Port Erin IOM"]
[Date "2004.10.11"]
[Round "7.3"]
[White "Fereday, Andrew"]
[Black "Hohler, Peter"]
[Result "0-1"]
[WhiteElo "1693"]
[BlackElo "2248"]
[PlyCount "48"]
[EventDate "2004.10.05"]
[EventType "team-swiss"]
[EventRounds "8"]
[EventCountry "ENG"]
[SourceDate "2014.04.29"]
[WhiteTeam "South Africa"]
[BlackTeam "Switzerland"]
[WhiteTeamCountry "RSA"]
[BlackTeamCountry "SUI"]

1. e4 e5 2. Nf3 Nc6 3. d4 exd4 4. Bc4 Nf6 5. Bg5 h6 6. Bxf6 Qxf6 7. O-O Be7 8.
Qe2 d6 9. Nbd2 O-O 10. h3 Be6 11. a3 Bxc4 12. Qxc4 Qe6 13. Qb5 Rab8 14. Rad1
Bf6 15. Ne1 a6 16. Qh5 Be7 17. g4 Bg5 18. f4 g6 19. f5 Qe8 20. fxg6 fxg6 21.
Qxg5 Rxf1+ 22. Kxf1 hxg5 23. Nef3 Qe7 24. Kg2 Rf8 0-1

[Event "World Senior Team ch 1st"]
[Site "Port Erin IOM"]
[Date "2004.10.11"]
[Round "7.3"]
[White "Klundt, Klaus"]
[Black "Smith, Ivor BN"]
[Result "1-0"]
[WhiteElo "2358"]
[BlackElo "1928"]
[PlyCount "53"]
[EventDate "2004.10.05"]
[EventType "team-swiss"]
[EventRounds "8"]
[EventCountry "ENG"]
[SourceDate "2014.04.29"]
[WhiteTeam "Germany"]
[BlackTeam "Essex"]
[WhiteTeamCountry "GER"]
[BlackTeamCountry "ENG"]

1. e4 c5 2. Nf3 d6 3. d4 cxd4 4. Nxd4 Nf6 5. Nc3 a6 6. Be2 e6 7. O-O Be7 8. f4
Qc7 9. Kh1 Nc6 10. Be3 Bd7 11. Nb3 Na5 12. Bf3 Nc4 13. Bc1 Bc6 14. Nd4 d5 15.
e5 Nd7 16. b3 Ncb6 17. Bb2 Nf8 18. Nce2 Nbd7 19. c4 Nc5 20. Rc1 Qd7 21. Nxc6
bxc6 22. Nd4 Rc8 23. Qc2 Ng6 24. b4 Ne4 25. cxd5 exd5 26. Bxe4 dxe4 27. Qxe4
1-0

[Event "World Senior Team ch 1st"]
[Site "Port Erin IOM"]
[Date "2004.10.11"]
[Round "7.3"]
[White "Krstic, Slobodan AUS"]
[Black "Kraidman, Yair"]
[Result "0-1"]
[WhiteElo "2049"]
[BlackElo "2307"]
[PlyCount "60"]
[EventDate "2004.10.05"]
[EventType "team-swiss"]
[EventRounds "8"]
[EventCountry "ENG"]
[SourceDate "2014.04.29"]
[WhiteTeam "Australia"]
[BlackTeam "Israel"]
[WhiteTeamCountry "AUS"]
[BlackTeamCountry "ISR"]

1. e4 c5 2. Nf3 g6 3. Bc4 Bg7 4. d3 Nc6 5. Nc3 d6 6. Ng5 e6 7. f4 Nge7 8. f5 d5
9. Bb3 h6 10. Nh3 d4 11. f6 Bxf6 12. Qf3 Bg7 13. Ne2 O-O 14. Bd2 b5 15. Qg3 Ne5
16. a3 c4 17. Ba2 N7c6 18. O-O Qe7 19. Nf2 Kh7 20. Rae1 Ba6 21. Ng4 Nxg4 22.
Qxg4 cxd3 23. cxd3 b4 24. Nf4 bxa3 25. bxa3 Ne5 26. Qg3 Qxa3 27. Bxe6 fxe6 28.
Nxe6 Rxf1+ 29. Rxf1 Qxd3 30. Qxd3 Bxd3 0-1

[Event "World Senior Team ch 1st"]
[Site "Port Erin IOM"]
[Date "2004.10.11"]
[Round "7.3"]
[White "Richardson, Keith"]
[Black "Mehra, Suman"]
[Result "1-0"]
[WhiteElo "2220"]
[BlackElo "1000"]
[PlyCount "63"]
[EventDate "2004.10.05"]
[EventType "team-swiss"]
[EventRounds "8"]
[EventCountry "ENG"]
[SourceDate "2014.04.29"]
[WhiteTeam "England"]
[BlackTeam "Black and White Magazine"]
[WhiteTeamCountry "ENG"]
[BlackTeamCountry "IND"]

1. c4 c5 2. Nc3 Nc6 3. Nf3 g6 4. e3 Nf6 5. d4 Bg7 6. d5 Na5 7. e4 d6 8. h3 e5
9. Bd3 O-O 10. O-O b6 11. Re1 Ba6 12. b3 Qd7 13. Bf1 Rab8 14. Rb1 Qe7 15. g3
Nh5 16. Nd2 Bc8 17. Bg2 f5 18. exf5 Rxf5 19. Nde4 Bd7 20. g4 Nf4 21. gxf5 Bxf5
22. Bxf4 exf4 23. Rc1 Qh4 24. Qf3 g5 25. Nxd6 Bd7 26. Re7 g4 27. Rxg7+ Kf8 28.
Rf7+ Kg8 29. Qxf4 Nb7 30. Nxb7 Qh5 31. Rxd7 gxh3 32. Qxb8+ 1-0